000 01084nam a2200301 c 4500
999 _c346235
_d346235
003 BLK
005 20250108123102.0
008 180410b bul|||||r ||||||| ||bul||
010 _aKNG00150553000
020 _a978-619-151-501-1
040 _aBLK
041 _aBUL
_cBUL
072 7 _2bullib
_aН85
_xДетска художествена литература Н
080 _aАмериканска литература (на САЩ)
_b821.111(73)
_z821.111(73)-9
100 _aОбама, Мишел
_eпърви автор
_9400814
139 _aОбама, Мишел
_bО 11
245 1 0 _aМоята история
_cМишел Обама; ил. Милър Мобли; прев. от англ. Марин Загорчев
257 _aUSA
260 _bСофтПрес
_c2019
_9209582
_aСофия
300 _a390 с.
_c25 см
380 _aX
500 _aОриг. загл.: Becoming / Michelle Obama.
852 _bП
_cП 820(73)-9/О 11
856 4 _qpdf
856 4 _qpdf
942 _cKNG
_n0
_s1
_046
944 _k30530
_lМинев Младен